|
|
|
|
| LEADER |
00000nam a22000007a 4500 |
| 005 |
2022081702302.0 |
| 007 |
cr|||| ||| |
| 008 |
220817s2022 br |||||s|||| 00||0 por d |
| 020 |
|
|
|a 978658935187-0
|
| 035 |
|
|
|a 36831
|
| 040 |
|
|
|a vLex
|
| 090 |
|
|
|c 13709
|d 13709
|
| 100 |
1 |
|
|a Baldun̕o Jn︢ior, Gean Carlos
|
| 245 |
1 |
1 |
|a O destino do homo consumericus
|h [Recurso electrn̤ico] :
|b perspectivas acerca do superendividamento a partir da dignidade e da solidariedade /
|c Gean Carlos Baldun̕o Jn︢ior
|
| 256 |
|
|
|a Servicio en ln̕ea
|
| 260 |
|
|
|a Rio de Janeiro:
|b Editora Processo,
|c 2022
|
| 300 |
|
|
|a 1 recurso electrn̤ico
|
| 500 |
|
|
|a Em ‘O destino do Homo consumericus: perspectivas acerca do superendividamento a partir da dignidade e da solidariedade', o autor aborda o que se pode apontar como a questô mais atual do direito do consumidor brasileiro, qual seja, o superendividamento, envolvendo o estudo do consumismo e de suas nefastas consequn̊cias, no contexto da ps̤-modernidade. Nessa linha, de forma coerente, o autor utiliza como referencial ter̤ico a construȯ̂ da sociedade de consumo como representaȯ̂ da ps̤-modernidade, a partir dos ensinamentos de autores como Zygmunt Bauman, Gilles Lipovetsky e Jean Baudrillard, alcanȧndo notv̀eis ganhos em termos de interdisciplinariedade.’’
|
| 506 |
1 |
|
|a Disponible solo en los productos indicados
|d vLex Global
|d vLex Global (Academic Edition, excluding Law Schools)
|d vLex Global (U.S. Academic Edition, Law Schools)
|d vLex Global (U.S. Academic Edition, excluding Law Schools)
|d vLex Global (Academic Edition, Law Schools)
|
| 650 |
0 |
4 |
|a Derecho Civil
|z Brasil
|
| 650 |
0 |
4 |
|a Consumidores Usuarios
|z Brasil
|
| 740 |
0 |
|
|a vLex Libros (Servicio en ln̕ea)
|
| 856 |
4 |
0 |
|u https://app.vlex.com/#/sources/36831
|z Acceso restringido
|
| 942 |
|
|
|c BOOK
|
| 999 |
0 |
|
|a Civil Law
|
| 999 |
0 |
|
|a Consumers Users
|